Los problemas de equidad entre acreedores, y entre deudores y acreedores, en la reestructuración de la deuda soberana (Registro nro. 15213)

Detalles MARC
000 -LEADER
fixed length control field 00496 a2200145 4500
001 - CONTROL NUMBER
control field ART_37816
005 - DATE AND TIME OF LATEST TRANSACTION
control field 20260410161701.0
008 - FIXED-LENGTH DATA ELEMENTS--GENERAL INFORMATION
fixed length control field 260409a
100 1# - MAIN ENTRY--PERSONAL NAME
Personal name Guzmán, Martín
245 10 - TITLE STATEMENT
Title Los problemas de equidad entre acreedores, y entre deudores y acreedores, en la reestructuración de la deuda soberana
700 1# - ADDED ENTRY--PERSONAL NAME
Personal name Brooks, Skylar
700 1# - ADDED ENTRY--PERSONAL NAME
Personal name Lombardi, Doménico
700 1# - ADDED ENTRY--PERSONAL NAME
Personal name Stiglitz, Joseph E.
773 0# - HOST ITEM ENTRY
Title Ensayos Económicos
Related parts - Nº 73 (dic. 2015)
Record control number REV620

No hay ítems disponibles.